A Conference held at the fort at St. George's in the county of York, the fourth day of August, anno regni Regis Georgii Secundi, Magnae Britanniae, Franciae et Hiberniae, &c. decimo sexto, annoq; domini, 1742 : Between His Excellency William Shirley, Esq; captain general and governour in chief in and over His Majesty's province of the Massachusetts-Bay in New-England, and the chief sachems & captains of the Penobscott, Norridgewock, Pigwaket or Amiscogging or Saco, St. John's, Bescommonconty or Amerescogging and St. Francis tribes of Indians.

Bibliographic Details
Corporate Author: Massachusetts. Governor (1741-1757 : Shirley)
Format: eBook
Language:English
Series:Early American imprints. Evans (1639-1800) ; no. 4976.
Subjects:
Online Access:Evans Digital Edition

MARC

Tag First Indicator Second Indicator Subfields
LEADER 00000cam a2200000 a 4500
001 in00002164513
006 m e d #
007 cr mn mmmmabba
008 841004s1742 mau s s000 0 eng d
005 20260331162823.3
035 |z w030476 
035 |a MAAR8410043601B 
035 |9 mwa91-43086 
035 |a 316224 
035 |a aas03030476 
040 |a MWA  |c MWA  |e bdrb  |d UtOrBLW 
245 0 2 |a A Conference held at the fort at St. George's in the county of York, the fourth day of August, anno regni Regis Georgii Secundi, Magnae Britanniae, Franciae et Hiberniae, &c. decimo sexto, annoq; domini, 1742 :  |b Between His Excellency William Shirley, Esq; captain general and governour in chief in and over His Majesty's province of the Massachusetts-Bay in New-England, and the chief sachems & captains of the Penobscott, Norridgewock, Pigwaket or Amiscogging or Saco, St. John's, Bescommonconty or Amerescogging and St. Francis tribes of Indians. 
264 3 |a Boston :  |b Printed by J. Draper, printer to His Excellency the governour and Council,  |c 1742. 
300 |a 19 pages, 1 unnumbered page ;  |c 23 cm. (quarto) 
336 |a text  |b txt  |2 rdacontent 
337 |a computer  |b c  |2 rdamedia 
338 |a online resource  |b cr  |2 rdacarrier 
500 |a Caption title. 
500 |a Imprint from colophon. 
510 4 |a Evans  |c 4976 
530 |a Microform version available in the Readex Early American Imprints series. 
533 |a Electronic text and image data.  |b [Chester, Vt. :  |c Readex, a division of Newsbank, Inc.,  |d 2002-2004.  |e Includes files in TIFF, GIF and PDF formats with inclusion of keyword searchable text.  |f (Early American imprints. First series ; no. 4976). 
500 |a Electronic resource. 
650 0 |a Indians of North America  |z New England. 
650 0 |a Indians of North America  |z Maine  |v Treaties. 
650 0 |a Indians of North America  |v Treaties. 
650 0 |a Penobscot Indians  |x Government relations. 
650 0 |a Norridgewock Indians. 
650 0 |a Pequawket Indians. 
655 7 |a Treaties.  |2 rbgenr 
710 1 |a Massachusetts.  |b Governor (1741-1757 : Shirley) 
740 0 |a Conference held at the fort at St. George's. 
752 |a United States  |b Massachusetts  |d Boston. 
830 0 |a Early American imprints.  |n Series I,  |p Evans (1639-1800) ;  |v no. 4976. 
856 4 1 |u http://proxy.library.tamu.edu/login?url=https://opac.newsbank.com/select/evans/4976  |y Evans Digital Edition  |t 0 
999 |a MARS 
999 f f |s 688e0233-ef2b-313a-85f4-92ffbe77ac64  |i c91f849c-fef9-36a6-acde-e6631d546002  |t 0 
952 f f |a Texas A&M University  |b College Station  |c Electronic Resources  |s www_evans  |d Available Online  |t 0  |h No information provided 
998 f f |t 0  |l Available Online